| 000 | 01346cam a22003375i 4500 | ||
|---|---|---|---|
| 999 |
_c28723 _d28694 |
||
| 001 | 4453877 | ||
| 003 | EG-ScBUE | ||
| 005 | 20200915142337.0 | ||
| 008 | 990901t19641961enka f b 001 0 eng d | ||
| 035 | _a(OCoLC)ocn686007680 | ||
| 035 | _a4453877 | ||
| 040 |
_aDLC _beng _erda _cOUN _dOCL _dUKM _dCtY-SSE _dEG-ScBUE |
||
| 082 | 0 | 4 |
_a338.6042 _bEST _222 |
| 100 | 1 |
_aEstall, Robert C., _eauthor. |
|
| 245 | 1 | 0 |
_aIndustrial activity and economic geography : _ba study of the forces behind the geographical location of productive activity in manufacturing industry / _cR. C. Estall, Lecturer in Geography at the London School of Economics and Political Science, R. Ogilvie Buchanan, Professor of Geography at London School of Economics and Political Science. |
| 250 | _aFirst edition. | ||
| 250 | _aFourth impression. | ||
| 264 | 1 |
_aLondon : _bHutchinson University Library, _c[1964] |
|
| 264 | 4 | _cc1961 | |
| 300 |
_a232 pages : _billustrations, maps ; _c19 cm. |
||
| 336 |
_atext _btxt _2rdacontent |
||
| 337 |
_aunmediated _bn _2rdamedia |
||
| 338 |
_avolume _bnc _2rdacarrier |
||
| 490 | 0 | _aGeography | |
| 504 | _aIncludes bibliographical references and index. | ||
| 650 | 7 |
_aIndustrial location. _2BUEsh |
|
| 653 |
_bBUSECO _cSeptember2020 |
||
| 700 | 1 |
_aBuchanan, Robert Ogilvie, _d1894-1980, _eauthor. |
|
| 942 |
_2ddc _cBB |
||
| 948 | _aREC | ||